[Event "HUN-chT2 Barcza 0506"]
[Site "Hungary"]
[Date "2005.12.04"]
[Round "5"]
[White "Balogh, Sandor"]
[Black "Furo, Janos"]
[Result "1-0"]
[WhiteElo "2170"]
[BlackElo "2223"]
[PlyCount "101"]
[EventDate "2005.10.16"]
[EventType "team"]
[EventRounds "11"]
[EventCountry "HUN"]
[SourceTitle "EXT 2009"]
[Source "ChessBase"]
[SourceDate "2008.11.26"]
[SourceVersion "1"]
[SourceVersionDate "2008.11.26"]
[SourceQuality "1"]
[WhiteTeam "Debrecen Betu"]
[BlackTeam "Piremon II"]
[WhiteTeamCountry "HUN"]
[BlackTeamCountry "HUN"]

1. e4 d5 2. exd5 Qxd5 3. Nc3 Qa5 4. d4 Nf6 5. Nf3 c6 6. Bc4 Bf5 7. Bd2 e6 8. h3 Bb4 9. a3 Bxc3 10. Bxc3 Qc7 11. Bb3 Nbd7 12. Bd2 a5 13. Rc1 0-0 14. 0-0 c5 15. Ba4 Nb6 16. Bb5 Rfd8 17. Qe1 cxd4 18. Bxa5 Rd5 19. a4 Be4 20. c4 dxc3 21. Rxc3 Rc5 22. Bxb6 Qxb6 23. Qe3 Rxb5 24. axb5 Qxb5 25. Qc5 Qxc5 26. Rxc5 Bxf3 27. gxf3 b6 28. Rc6 Nd5 29. Rfc1 g5 30. Rc8+ Rxc8 31. Rxc8+ Kg7 32. Rb8 Kg6 33. Kh2 h5 34. h4 f6 35. Re8 Kf5 36. Rh8 Nf4 37. Rb8 Nd5 38. Kg3 e5 39. Rd8 Ke6 40. Rh8 Nf4 41. hxg5 fxg5 42. Rh6+ Kf5 43. Rxb6 h4+ 44. Kh2 Nd3 45. b4 Nxf2 46. b5 e4 47. fxe4+ Nxe4 48. Rc6 g4 49. b6 g3+ 50. Kg2 Kg4 51. Rg6+ 1-0

[Event "HUN-chT3 0001"]
[Site "Hungary"]
[Date "2001.04.22"]
[Round "11.2"]
[White "Baranyai, Szabolcs Jr"]
[Black "Furo, Janos"]
[Result "1-0"]
[WhiteElo "2229"]
[BlackElo "2207"]
[PlyCount "31"]
[EventDate "2000.10.29"]
[EventType "team"]
[EventRounds "11"]
[EventCountry "HUN"]
[SourceTitle "EXT 2007"]
[Source "ChessBase"]
[SourceDate "2006.11.23"]
[SourceVersion "1"]
[SourceVersionDate "2006.11.23"]
[SourceQuality "1"]

1. e4 c5 2. Nf3 Nc6 3. Bb5 Nd4 4. Nxd4 cxd4 5. 0-0 Qb6 6. Ba4 g6 7. c3 Bg7 8. d3 e6 9. cxd4 Bxd4 10. Nc3 Ne7 11. Nb5 f5 12. Bf4 e5 13. Rc1 Rb8 14. Nc7+ Kd8 15. Bg5 Bc5 16. Nd5 1-0

[Event "Alfoeld Cup op"]
[Site "Hajduszoboszlo"]
[Date "2000.08.21"]
[Round "3"]
[White "Furo, Janos"]
[Black "Horvath, Sandor2222"]
[Result "1/2-1/2"]
[WhiteElo "2207"]
[BlackElo "2068"]
[PlyCount "36"]
[EventDate "2000.08.??"]
[EventType "swiss"]
[EventRounds "9"]
[EventCountry "HUN"]
[SourceTitle "EXT 2004"]
[Source "ChessBase"]
[SourceDate "2003.11.25"]
[SourceVersion "1"]
[SourceVersionDate "2003.11.25"]
[SourceQuality "1"]

1. e4 c5 2. Nc3 d6 3. f4 a6 4. a4 Nc6 5. Nf3 Nf6 6. Bc4 e6 7. d3 d5 8. exd5 exd5 9. Qe2+ Be7 10. Bb3 Bg4 11. Qf2 Bxf3 12. Qxf3 Nd4 13. Qd1 Nxb3 14. cxb3 Qd7 15. 0-0 d4 16. Ne4 Nd5 17. f5 0-0-0 18. Bf4 Nxf4 1/2-1/2

[Event "Alfoeld Cup op"]
[Site "Hajduszoboszlo"]
[Date "2000.??.??"]
[Round "4"]
[White "Bogi, Kornel Andras"]
[Black "Furo, Janos"]
[Result "0-1"]
[WhiteElo "2010"]
[BlackElo "2205"]
[PlyCount "26"]
[EventDate "2000.08.??"]
[EventType "swiss"]
[EventRounds "9"]
[EventCountry "HUN"]
[SourceTitle "EXT 2004"]
[Source "ChessBase"]
[SourceDate "2003.11.25"]
[SourceVersion "1"]
[SourceVersionDate "2003.11.25"]
[SourceQuality "1"]

1. e4 d5 2. exd5 Qxd5 3. Nc3 Qa5 4. d4 Nf6 5. Nf3 Bg4 6. h3 Bh5 7. g4 Bg6 8. b4 Qxb4 9. Bd2 Qd6 10. Rb1 Nd5 11. Rxb7 Nxc3 12. Bxc3 Be4 13. Qb1 Nd7 0-1

[Event "HUN-chT3 9900"]
[Site "Hungary"]
[Date "1999.11.14"]
[Round "4"]
[White "Furo, Janos"]
[Black "Simon, Jozsef"]
[Result "1/2-1/2"]
[WhiteElo "2221"]
[BlackElo "2215"]
[PlyCount "51"]
[EventDate "1999.09.26"]
[EventType "team"]
[EventRounds "11"]
[EventCountry "HUN"]
[SourceTitle "EXT 2002"]
[Source "ChessBase"]
[SourceDate "2001.11.25"]
[SourceVersion "1"]
[SourceVersionDate "2001.11.25"]
[SourceQuality "1"]

1. e4 e6 2. b3 c5 3. Bb2 d5 4. Bb5+ Bd7 5. Bxd7+ Nxd7 6. Qe2 d4 7. f4 Qc7 8. g3 e5 9. f5 h5 10. c4 Ngf6 11. h3 a5 12. a4 Qb6 13. Ra3 Nb8 14. Nf3 Nc6 15. d3 Bd6 16. Ng5 Nb4 17. Bc1 Ke7 18. Kd1 Rag8 19. Nf3 Kd7 20. Nh4 Qc6 21. Nd2 Rh7 22. Re1 Kc7 23. Ndf3 Qd7 24. Bd2 Kb6 25. Bxb4 axb4 26. Ra1 1/2-1/2

[Event "HUN-chT3 9900"]
[Site "Hungary"]
[Date "1999.10.17"]
[Round "3"]
[White "Furo, Janos"]
[Black "Mohacsi, Imre"]
[Result "0-1"]
[WhiteElo "2221"]
[BlackElo "2156"]
[PlyCount "24"]
[EventDate "1999.09.26"]
[EventType "team"]
[EventRounds "11"]
[EventCountry "HUN"]
[SourceTitle "EXT 2002"]
[Source "ChessBase"]
[SourceDate "2001.11.25"]
[SourceVersion "1"]
[SourceVersionDate "2001.11.25"]
[SourceQuality "1"]

1. e4 c5 2. Nc3 Nc6 3. f4 d6 4. Nf3 g6 5. Bc4 Bg7 6. 0-0 e6 7. d3 Nge7 8. Qe1 Nd4 9. Ne2 Nxc2 10. Qh4 Nxa1 11. f5 exf5 12. Bg5 h6 0-1

[Event "HUN-chT3 9899"]
[Site "Hungary"]
[Date "1999.04.11"]
[Round "10"]
[White "Furo, Janos"]
[Black "Pasku, Tibor"]
[Result "0-1"]
[WhiteElo "2221"]
[BlackElo "2102"]
[PlyCount "52"]
[EventDate "1998.09.??"]
[EventType "team"]
[EventRounds "11"]
[EventCountry "HUN"]
[SourceTitle "EXT 2001"]
[Source "ChessBase"]
[SourceDate "2000.11.22"]
[SourceVersion "1"]
[SourceVersionDate "2000.11.22"]
[SourceQuality "1"]

1. e4 c5 2. Nf3 d6 3. d4 cxd4 4. Nxd4 Nf6 5. Nc3 a6 6. Bg5 e6 7. f4 Be7 8. Bd3 h6 9. Bh4 Nxe4 10. Bg3 Nxc3 11. bxc3 Bh4 12. Qf3 Bxg3+ 13. hxg3 Qc7 14. Ne2 Nc6 15. g4 Bd7 16. Rb1 d5 17. Rb2 Na5 18. Rb4 Qc5 19. a4 Bc6 20. Qg3 0-0-0 21. Rd4 f6 22. Rh5 Be8 23. Qe3 Kb8 24. Rh1 Nc6 25. Bxa6 Nxd4 26. cxd4 Qa5+ 0-1

[Event "Alfoeld Cup op"]
[Site "Hajduszoboszlo"]
[Date "1999.??.??"]
[Round "6"]
[White "Furo, Janos"]
[Black "Gerencer, Jozef"]
[Result "1-0"]
[WhiteElo "2220"]
[BlackElo "2150"]
[PlyCount "57"]
[EventDate "1999.??.??"]
[EventType "swiss"]
[EventRounds "9"]
[EventCountry "HUN"]
[SourceTitle "EXT 2000"]
[Source "ChessBase"]
[SourceDate "1999.11.16"]
[SourceVersion "1"]
[SourceVersionDate "1999.11.16"]
[SourceQuality "1"]

1. e4 d5 2. exd5 Qxd5 3. Nc3 Qa5 4. Nf3 Nf6 5. g3 Bg4 6. Bg2 c6 7. h3 Bh5 8. d3 e6 9. g4 Bg6 10. 0-0 Bd6 11. a3 Nbd7 12. Bd2 Qc7 13. b4 a6 14. Nh4 Bf4 15. Ne2 Bxd2 16. Qxd2 Rd8 17. f4 Nf8 18. Rae1 Be4 19. Bxe4 Nxe4 20. Qe3 Qe7 21. Nf3 Nf6 22. Ng3 g6 23. f5 Qd6 24. Kg2 Rg8 25. fxe6 fxe6 26. Ng5 Nd5 27. Qd2 Rg7 28. N3e4 Qc7 29. Rxf8+ 1-0